Welcome to the Holygrace Academy Library

Please use search bar below to get started

SOUNDER (Record no. 1806)

MARC details
000 -LEADER
fixed length control field 00365nam a22001577a 4500
020 ## - INTERNATIONAL STANDARD BOOK NUMBER
ISBN 0-439-21787-3
082 ## - DEWEY DECIMAL CLASSIFICATION NUMBER
Classification number 823
Item number ARM/S
100 ## - MAIN ENTRY--AUTHOR NAME
Personal name ARMSTRONG, WILLIAM. H
245 ## - TITLE STATEMENT
Title SOUNDER
Remainder of title SHORT STORY
246 ## - VARYING FORM OF TITLE
Title proper/short title SOUNDER
Remainder of title SHORT STORY
260 ## - PUBLICATION, DISTRIBUTION, ETC. (IMPRINT)
Place of publication USA
Name of publisher SCOLASTIC PRINTING
Year of publication 1969
300 ## - PHYSICAL DESCRIPTION
Number of Pages 116
520 ## - SUMMARY, ETC.
Summary, etc SHORT STORY
650 ## - SUBJECT ADDED ENTRY--TOPICAL TERM
Topical Term SHORTS STORY
942 ## - ADDED ENTRY ELEMENTS (KOHA)
Koha item type Books
Holdings
Withdrawn status Lost status Collection code Home library Current library Shelving location Date acquired Source of acquisition Full call number Accession Number Koha item type
    Fiction Main Library Main Library SHELF 4-B ANIMAL ARK 01/05/2009 Purchase 823 ARM/S 03627 Books